000 00467nam a2200169 a 4500
001 000034273
005 20200930073620.0
008 110929s2002 es 000 0 spa d
020 _a8475561381
040 _aDO-SdBNP
_bspa
_cBNPHU
100 1 _aPascual, Arturo,
_d1958-
_959701
245 1 0 _aEl lector de James Joyce /
_cArturo Pascual.
260 _aEspaña :
_bOcéano,
_c2002.
300 _a165 p. ;
_c23 cm.
504 _aBibliografia p. 161-165
049 _aBNPD
999 _c33764
_d33764